[Event "La Florida CupT 23rd"]
[Site "La Florida"]
[Date "2023.07.16"]
[Round "4.3"]
[White "Contreras Navarro, Angel Gabriel"]
[Black "Zambrano Rodriguez, Aaron Jose"]
[Result "0-1"]
[WhiteElo "1265"]
[BlackElo "1871"]
[PlyCount "92"]
[EventDate "2023.07.15"]
[EventType "team-swiss"]
[EventRounds "5"]
[EventCountry "VEN"]
[SourceTitle "EXT 2024"]
[Source "ChessBase"]
[SourceDate "2023.10.10"]
[SourceVersion "1"]
[SourceVersionDate "2023.10.10"]
[SourceQuality "1"]
[WhiteTeam "Cavallo Senza Nome"]
[BlackTeam "Peon de Oro"]
[WhiteTeamCountry "VEN"]
[BlackTeamCountry "VEN"]

1. e4 g6 2. d4 Bg7 3. Nf3 d6 4. c4 Nf6 5. Nc3 0-0 6. Be2 e5 7. d5 a5 8. Be3 Ng4 9. Bd2 f5 10. h3 Nf6 11. 0-0 Na6 12. a3 fxe4 13. Ng5 Bf5 14. g4 Bd7 15. Ngxe4 b6 16. Be3 Nxe4 17. Nxe4 a4 18. Kh1 Nc5 19. Bxc5 bxc5 20. Rg1 Qh4 21. Qd3 Rab8 22. Rg3 Rb3 23. Nc3 Rxf2 24. Rag1 e4 25. Qe3 Bd4 26. Qxe4 Be5 27. Qd3 Bxg3 28. Qxg3 Qxg3 29. Rxg3 Rxc3 30. Rxc3 Rxe2 31. b3 Kf7 32. Kg1 axb3 33. Rxb3 Rc2 34. Rb7 Rxc4 35. Rxc7 Ke7 36. Ra7 Ra4 37. Rb7 Rxa3 38. Kg2 Rd3 39. Rb8 Rxd5 40. Rh8 h5 41. Rh7+ Kd8 42. Rg7 hxg4 43. hxg4 Rg5 44. Rxd7+ Kxd7 45. Kf1 Rxg4 46. Ke2 Rg3 0-1

[Event "La Florida CupT 23rd"]
[Site "La Florida"]
[Date "2023.07.16"]
[Round "5.3"]
[White "Zambrano Rodriguez, Aaron Jose"]
[Black "Guilarte Alarcon, Hector Yuri"]
[Result "0-1"]
[WhiteElo "1871"]
[BlackElo "1772"]
[PlyCount "116"]
[EventDate "2023.07.15"]
[EventType "team-swiss"]
[EventRounds "5"]
[EventCountry "VEN"]
[SourceTitle "EXT 2024"]
[Source "ChessBase"]
[SourceDate "2023.10.10"]
[SourceVersion "1"]
[SourceVersionDate "2023.10.10"]
[SourceQuality "1"]
[WhiteTeam "Peon de Oro"]
[BlackTeam "Caballos de Caicssa"]
[WhiteTeamCountry "VEN"]
[BlackTeamCountry "VEN"]

1. Nf3 d5 2. b3 Nf6 3. Bb2 e6 4. e3 Bd6 5. Be2 c5 6. c4 Nc6 7. 0-0 b6 8. d4 cxd4 9. cxd5 exd5 10. Bb5 Bd7 11. Bxc6 Bxc6 12. Nxd4 Bd7 13. Nd2 Rc8 14. N2f3 Qe7 15. Qd3 0-0 16. Nf5 Bxf5 17. Qxf5 Qe4 18. Qxe4 dxe4 19. Nd4 Be5 20. Rac1 Rfd8 21. Rfe1 Ne8 22. Kf1 Bxd4 23. exd4 f5 24. Ke2 Kf7 25. Rc4 Nd6 26. Rcc1 g5 27. h4 h6 28. hxg5 hxg5 29. a4 Rxc1 30. Rxc1 Rc8 31. Rxc8 Nxc8 32. Ke3 Ke6 33. g4 fxg4 34. Kxe4 Nd6+ 35. Kd3 Kd5 36. Bc1 Nf5 37. Be3 a6 38. b4 b5 39. a5 Ne7 40. Bxg5 Nc6 41. Bd2 Nxd4 42. Be3 Nc6 43. Bd2 Ne5+ 44. Kc3 Ke4 45. Bg5 Nd3 46. Bh4 Nf4 47. Bg5 Nd5+ 48. Kb3 Kf3 49. Bh4 Nf4 50. Kc3 Nh3 51. Kd4 Nxf2 52. Kc5 Nd3+ 53. Kb6 Nxb4 54. Be1 Nd5+ 55. Kxa6 b4 56. Kb5 b3 57. Bc3 Nxc3+ 58. Kc4 b2 0-1

[Event "La Florida CupT 23rd"]
[Site "La Florida"]
[Date "2023.07.15"]
[Round "3.3"]
[White "Gordillo Arango, Jesus David"]
[Black "Zambrano Rodriguez, Aaron Jose"]
[Result "1-0"]
[WhiteElo "1950"]
[BlackElo "1871"]
[PlyCount "117"]
[EventDate "2023.07.15"]
[EventType "team-swiss"]
[EventRounds "5"]
[EventCountry "VEN"]
[SourceTitle "EXT 2024"]
[Source "ChessBase"]
[SourceDate "2023.10.10"]
[SourceVersion "1"]
[SourceVersionDate "2023.10.10"]
[SourceQuality "1"]
[WhiteTeam "Simple Ches Regenerated"]
[BlackTeam "Peon de Oro"]
[WhiteTeamCountry "VEN"]
[BlackTeamCountry "VEN"]

1. e4 e6 2. d4 d5 3. Nd2 c5 4. exd5 exd5 5. Bb5+ Nc6 6. Ngf3 Nf6 7. 0-0 Be7 8. dxc5 0-0 9. Bxc6 bxc6 10. b4 a5 11. c3 Re8 12. Nd4 Qc7 13. h3 Bd7 14. Bb2 Rad8 15. Qc2 Qf4 16. Rfe1 Nh5 17. Nf1 Qf6 18. a3 Nf4 19. Ng3 g6 20. c4 Qh4 21. Nf3 Qh6 22. Qc3 f6 23. Rxe7 Rxe7 24. Qxf6 Qf8 25. Qh8+ Kf7 26. Ng5+ Ke8 27. Qxf8+ Kxf8 28. Bf6 h6 29. Bxe7+ Kxe7 30. Nf3 axb4 31. axb4 dxc4 32. Ne5 Be8 33. Nxc4 Rd4 34. Nd6 Bd7 35. Re1+ Kf8 36. Ne2 Nxe2+ 37. Rxe2 Rxb4 38. g4 Rb3 39. Kg2 Rc3 40. Re5 Rd3 41. f3 Rd5 42. Rxd5 cxd5 43. Kf2 Bc6 44. Ke2 Ke7 45. Kd3 Ke6 46. f4 Ba4 47. Kd4 Bc6 48. f5+ gxf5 49. Nxf5 h5 50. Ng7+ Kf6 51. Nxh5+ Kg5 52. Ng7 Kh4 53. Ne6 Kxh3 54. g5 Be8 55. Kxd5 Kg4 56. Ke5 Kh5 57. Ng7+ Kxg5 58. Nxe8 Kg6 59. Ke6 1-0

[Event "Las Americas op U2400 Hybrid"]
[Site "Internet"]
[Date "2022.06.04"]
[Round "6.12"]
[White "Zambrano Rodriguez, Aaron Jose"]
[Black "Penafiel Mendoza, Josselyne Stefania"]
[Result "1-0"]
[WhiteElo "1768"]
[BlackElo "1804"]
[PlyCount "75"]
[EventDate "2022.06.04"]
[EventType "swiss"]
[EventRounds "6"]
[EventCountry "VEN"]
[SourceTitle "EXT 2024"]
[Source "ChessBase"]
[SourceDate "2023.10.10"]
[SourceVersion "1"]
[SourceVersionDate "2023.10.10"]
[SourceQuality "1"]

1. c4 Nf6 2. d4 g6 3. Nc3 Bg7 4. e4 d6 5. Be2 0-0 6. Nf3 e5 7. dxe5 dxe5 8. Be3 c6 9. Qb3 Qc7 10. 0-0 b6 11. c5 b5 12. a4 Be6 13. Qa3 bxa4 14. Nxa4 Nbd7 15. Ng5 Bg4 16. f3 h6 17. Nxf7 Bxf3 18. Nxh6+ Bxh6 19. Rxf3 Bf4 20. g3 Bxe3+ 21. Qxe3 Kg7 22. Raf1 Rh8 23. Bc4 Rh3 24. Be6 Rh7 25. Bxd7 Nxd7 26. Qg5 Nf8 27. Qf6+ Kg8 28. b4 Rd8 29. Nb2 Qb8 30. Nc4 Re8 31. Nd6 Rd8 32. h4 Rg7 33. Qxe5 Qxb4 34. Rxf8+ Rxf8 35. Rxf8+ Kh7 36. Ne8 Qe1+ 37. Kg2 Qd2+ 38. Rf2 1-0